Formula 1 drivers 2006-2014 - Statistics

General Stats
  • This quiz has been taken 209 times
    178 since last reset
  • The average score is 35 of 65
Answer Stats
Last year Řidič % Correct
2014 Alonso
95%
2014 Hamilton
95%
2012 Schumacher
94%
2007 Schumacher
94%
2014 Vettel
92%
2014 Button
89%
2014 Massa
89%
2014 Raikkonen
89%
2014 Rosberg
88%
2014 Ricciardo
87%
2013 Webber
82%
2014 Bottas
79%
2014 Magnussen
79%
2014 Hulkenberg
78%
2014 Perez
75%
2014 Grosjean
72%
2011 Barrichello
70%
2014 Maldonado
68%
2014 Bianchi
67%
2010 Kubica
65%
2014 Kobayashi
64%
2014 Kvyat
62%
2009 Fisichella
61%
2008 Coulthard
59%
2013 Kovalainen
59%
2006 Montoya
57%
2011 Trulli
57%
2014 Sutil
54%
2012 Glock
52%
2012 Senna
52%
2014 Vergne
51%
2011 Heidfeld
50%
2006 Villeneuve
48%
2011 Buemi
46%
2014 Gutierrez
46%
2009 Piquet
46%
2008 Sato
46%
2012 Petrov
45%
2012 de la Rosa
44%
2014 Ericsson
44%
2013 Pic
44%
2013 Di Resta
43%
2012 Karthikeyan
42%
2011 Liuzzi
42%
2009 Bourdais
36%
2011 Chandhok
36%
2014 Chilton
36%
2010 Klien
36%
2009 Nakajima
36%
2011 Alguersuari
35%
2014 Stevens
33%
2013 van der Garde
33%
2007 Speed
32%
2012 d'Ambrosio
30%
2010 Yamamoto
29%
2009 Badoer
27%
2006 Ide
27%
2006 Monteiro
25%
2007 Wurz
25%
2010 di Grassi
24%
2007 Albers
23%
2008 Davidson
23%
2007 Winkelhock
23%
2006 Doornbos
22%
2006 Montagny
19%
No matching quizzes found
Score Distribution
Percent of People with Each Score
Percentile by Number Answered
Your Score History
You have not taken this quiz since the last reset